Исследование оптимальных границ энергии электронов для неразрушающего контроля материалов: диссертация на соискание ученой степени кандидата технических наук

Dades bibliogràfiques
Autor principal: Юнда Н. Т.
Autor corporatiu: Томский политехнический институт (ТПИ)
Altres autors: Кононов Б. А. Борис Александрович (научный руководитель)
Idioma:rus
Publicat: Томск, [Б. и.], 1975
Matèries:
Format: Llibre
KOHA link:https://koha.lib.tpu.ru/cgi-bin/koha/opac-detail.pl?biblionumber=349899

MARC

LEADER 00000nbm0a2200000 4500
001 349899
005 20231102010240.0
035 |a (RuTPU)RU\TPU\retro\3045 
090 |a 349899 
100 |a 20180925d1975 k y0rusy50 ca 
101 0 |a rus 
102 |a RU 
105 |a a m 001zy 
200 1 |a Исследование оптимальных границ энергии электронов для неразрушающего контроля материалов  |e диссертация на соискание ученой степени кандидата технических наук  |f Н. Т. Юнда  |g Томский политехнический институт (ТПИ) ; науч. рук. Б. А. Кононов 
210 |a Томск  |c [Б. и.]  |d 1975 
215 |a 209 л.  |c ил. 
320 |a Библиогр.: с. 168-177 (118 назв.) 
606 1 |a Неразрушающий контроль  |2 stltpush  |3 (RuTPU)RU\TPU\subj\66931  |9 82903 
610 1 |a слоистые материалы 
610 1 |a высокоэнергетические электроны 
610 1 |a быстрые электроны 
610 1 |a чувствительность 
610 1 |a оценка 
610 1 |a установки 
610 1 |a разработка 
610 1 |a испытание 
610 1 |a диссертации 
610 1 |a труды учёных ТПУ 
675 |a 620.179.1(04)  |v 4 
700 1 |a Юнда  |b Н. Т. 
702 1 |a Кононов  |b Б. А.  |c физик  |c Заслуженный профессор Томского политехнического университета  |f 1930-  |g Борис Александрович  |2 stltpush  |3 (RuTPU)RU\TPU\pers\19802  |4 727 
712 0 2 |a Томский политехнический институт (ТПИ)  |c (1944-1991)  |2 stltpush  |3 (RuTPU)RU\TPU\col\1123 
801 1 |a RU  |b 63413507  |c 20180925 
801 2 |a RU  |b 63413507  |c 20180925  |g RCR 
942 |c BK